Le memoire
Αποθηκεύτηκε σε:
| Κύριος συγγραφέας: | |
|---|---|
| Μορφή: | Βιβλίο |
| Γλώσσα: | French |
| Δημοσίευση: |
[Paris] :
[Presses Universitaires de France],
[2006]
|
| Σειρά: | Que sais-je?
; 350 |
| Θέματα: | |
| Ετικέτες: |
Προσθήκη ετικέτας
Δεν υπάρχουν, Καταχωρήστε ετικέτα πρώτοι!
|
MARC
| LEADER | 00000nam a2200000 i 4500 | ||
|---|---|---|---|
| 001 | 1/85176 | ||
| 008 | 080515s2006 fre d | ||
| 020 | |a 2-13-053695-6 | ||
| 035 | |l 10097357 | ||
| 040 | |a GR-MY-UA |b gre |e aacr | ||
| 041 | 0 | |a fre | |
| 082 | 0 | |a 153.12 |2 (22) | |
| 100 | 1 | |a Petit, Laurent. | |
| 245 | 1 | 3 | |a Le memoire / |c Laurent Petit |
| 260 | |a [Paris] : |b [Presses Universitaires de France], |c [2006] | ||
| 300 | |a 126 σ.; |b εικ.; |c 17 εκ. | ||
| 490 | 1 | |a Que sais-je? |v ; 350 | |
| 504 | |a Βιβλιογραφία: σ. 125 | ||
| 650 | 0 | 0 | |a Memory |x Physiological aspects. |
| 650 | 0 | 0 | |a Memory |x Psychology. |
| 650 | 0 | 0 | |a Memory |x History. |
| 830 | 0 | |a Que sais-je? |v ; 350 | |
| 852 | |a INST |b RHODES |e 20080515 |h 153.12 PET |p 005400029217 |q 005400029217 |t BK |y 0 | ||
| 901 | |a BIBL4-2008-2 | ||
| 909 | |a Ρ |b 152609 | ||
| 922 | |a 4ΕΛΗ |b 200803 |c ΕΠΕΑΕΚ2/ΤΕΠΑΕΣ |d ΕΛΕΥΘΕΡΟΥΔΑΚΗΣ | ||
| 970 | |a ΧΑΡΙΟΠΟΛΙΤΟΥ |b ΚΩΝΣΤΑΝΤΙΝΑ |z 2008/05/15 | ||